000 00276nam a22001337a 4500
008 190305b xxu||||| |||| 00| 0 eng d
020 _a0314778713
041 _aeng
080 _a510
100 _a38
101 _aMAT
245 _aPrecalculus
_cCohen, D
942 _2udc
_cBK
999 _c54480
_d54480